LEADER 00999nam a2200277 i 4500 001 991000922209707536 005 20020502181116.0 008 941206s1987 it ||| | ita 020 $a8801101198 035 $ab11437443-39ule_inst 035 $aPRUMB51531$9ExL 040 $aScuola per assistenti sociali$bita 082 0 $a362.4 100 1 $aCiccone, Lino$0525286 245 10$aAnziani e handicappati :$bdue sfide alla societą civile e alla comunitą cristiana /$cLino Ciccone C.M 260 $aLeumann [Rivoli] :$bElle Di Ci,$c[1987] 300 $a151 p. :$b24 cm. 490 0 $aSaggi di teologia 650 4$aAnziani$xAssistenza 650 4$aMinorati$xAssistenza 907 $a.b11437443$b01-03-17$c01-07-02 912 $a991000922209707536 945 $aLE024 SS/B IV 8$g1$iLE024N-1958$lle021$nex DUSS$o-$pE0.00$q-$rl$s- $t0$u0$v0$w0$x0$y.i11622179$z01-07-02 996 $aAnziani e handicappati$9818954 997 $aUNISALENTO 998 $ale021$b01-01-94$cm$da $e-$fita$git $h0$i1 LEADER 01375nam 2200397 450 001 9910150433103321 005 20230808200518.0 010 $a3-95489-904-3 035 $a(CKB)3710000000943297 035 $a(MiAaPQ)EBC4742455 035 $a(EXLCZ)993710000000943297 100 $a20161208h20162016 uy 0 101 0 $aeng 135 $aurcnu|||||||| 181 $2rdacontent 182 $2rdamedia 183 $2rdacarrier 200 10$aUsing geographical information systems (GIS) to study the concentration of major air pollutants in Lahore City of Pakistan /$fIsma Younes, Muhammad Shafiq, Fouzia Yaqub 210 1$aHamburg, [Germany] :$cAnchor Academic Publishing,$d2016. 210 4$d©2016 215 $a1 online resource (107 pages) 311 $a3-95489-404-1 320 $aIncludes bibliographical references. 606 $aGeographic information systems$xResearch 615 0$aGeographic information systems$xResearch. 676 $a910.285 700 $aYounes$b Isma$01263643 702 $aShafiq$b Muhammad$c(Meteorologist), 702 $aYaqub$b Fouzia 801 0$bMiAaPQ 801 1$bMiAaPQ 801 2$bMiAaPQ 906 $aBOOK 912 $a9910150433103321 996 $aUsing geographical information systems (GIS) to study the concentration of major air pollutants in Lahore City of Pakistan$92962274 997 $aUNINA